| 000 | 00713nam a22002177a 4500 | ||
|---|---|---|---|
| 005 | 20251108164047.0 | ||
| 008 | 250721s9999 xx 000 0 ara d | ||
| 082 | 1 | 4 | _aم/956.05/بك |
| 100 | 1 | _aبك، محمد الخضري | |
| 245 | 1 | 0 | _aالدولة العباسية / |
| 264 | 1 |
_aبيروت : _bدار الارقم بن الارقم، _c[19-]. |
|
| 300 | _a421ص | ||
| 490 | 0 | _aمحاضرات تاريخ الامم الاسلامية | |
| 650 | 1 | 7 | _aالتاريخ الإسلامي |
| 650 | 1 | 7 | _aالعباسيون 750-1258 |
| 650 | 1 | 7 | _aالسلاجقة 1040-1308 |
| 650 | 1 | 7 | _aالأتابكة 1339- 1136 |
| 700 | 1 |
_aالعثماني، محمد _eتحقيق |
|
| 942 |
_2ddc _cREF |
||
| 999 |
_c2612 _d2612 |
||